| 000 | 00944nam a22002657a 4500 | ||
|---|---|---|---|
| 003 | OSt | ||
| 005 | 20250820141403.0 | ||
| 008 | 200224s2019 ck ||||gr|||| 00| j spa d | ||
| 020 | _a9789585487109 | ||
| 040 |
_aCO-JMCR _cCO-JMCR |
||
| 041 | 1 |
_aspa _heng |
|
| 082 | 0 | 4 |
_aA-C _bBRAc |
| 100 | 1 |
_aBraga, Teófilo, _eautor _9878 |
|
| 245 | 1 | 0 |
_aCuentos míticos : _bdel sol, de la aurora y de la noche / _cTeófilo Braga ; traducción de Beatriz Peña Trujillo |
| 250 | _aPrimera edición | ||
| 260 |
_aBogotá : _bAlcaldía Mayor de Bogotá ; Instituto Distrital de las Artes Idartes, _c2019 |
||
| 300 |
_a253 páginas ; _c17 cm. |
||
| 490 | 0 |
_aLibro al viento universal ; _x139 |
|
| 500 | _aIncluye datos biográficos del autor. | ||
| 504 | _aBibliografía: página 12 | ||
| 546 | _aTraducido del inglés | ||
| 650 | 1 | 4 |
_aCuentos tradicionales portugueses _9879 |
| 700 | 1 |
_aPeña Trujillo, Beatriz, _etraductora _9880 |
|
| 942 |
_2ddc _cBK |
||
| 999 |
_c6585 _d6585 |
||